000 00435cam a22001337a 4500
008 180718b1975 xxu||||| |||| 00| 0 eng d
082 _aT42x6762 F874
100 _aFrediani, Lorenzo
245 _aThe liquidity policy of deposit banks in Kenya
_cby Lorenzo Frediani
260 _aMilan
_bCassa Di Risparmio Delle Provincie Lombarde
_c1975
300 _a277p.
440 _aThe credit markets of Africa: No. 12
650 _aBanks - Kenya
999 _c476665
_d476665